| 000 | 00389nam a2200145Ia 4500 | ||
|---|---|---|---|
| 008 | 220803s9999 xx 000 0 und d | ||
| 020 | _a9780470850763 | ||
| 041 | _aeng | ||
| 082 | _a720.28 SIL | ||
| 100 |
_aSilver M Ed. _927448 |
||
| 245 | _aMapping In The Age Of Digital Media : The Yale Symposium | ||
| 260 |
_aUnited Kingdom _bWiley Academy _c2003 |
||
| 300 | _a144p | ||
| 500 | _aDIGIT | ||
| 999 |
_c17505 _d17505 |
||